| 000 | 00847nam a2200229 a 4500 | ||
|---|---|---|---|
| 001 | 40880 | ||
| 003 | BD-RjUL | ||
| 005 | 20211209053306.0 | ||
| 008 | 160511b xxu||||| |||| 00| 0 eng d | ||
| 020 | _c: PRs 9.00 | ||
| 035 | _a(BD-RjUL) 40996 | ||
| 040 |
_aBD-RjUL _bben _cBD-RjUL |
||
| 041 | _aben | ||
| 082 |
_223 _a891.441 _bRAB 1976 |
||
| 110 |
_aরাজশাহী বিশ্ববিদ্যালয় _bবাংলা গবেষণা সংসদ _9126436 |
||
| 245 | 0 | 0 | _aবাংলা কবিতা সংকলন / |
| 260 |
_aঢাকা : _bবাংলাদেশ বুক করপোরেশন, _c১৯৭৬ [১৩৮৩] |
||
| 300 |
_a১৪৬ পৃ. ; _c১৯ সেমি. |
||
| 650 |
_aবাংলা কবিতা _9125831 |
||
| 650 |
_aBengali poetry _9125832 |
||
| 942 |
_2ddc _cBK |
||
| 999 |
_c40880 _d40880 |
||